| 000 | 00417nam a2200157 a 4500 | ||
|---|---|---|---|
| 005 | 20210219153237.0 | ||
| 008 | 991125n 000 0 spa u | ||
| 035 | _aUPN01000085395 | ||
| 100 | _aRodriguez Kauth, Angel | ||
| 222 | _aUNIVERSIDADES | ||
| 245 | _aLectura Psicosocialdel Aula Universitaria Ayer y Hoy / UDUAL | ||
| 300 | _a49-58 | ||
| 362 | _a1997 46 (14) | ||
| 904 |
_aAC _b023206 |
||
| 905 | _aArticulo | ||
| 999 |
_c71880 _d71880 |
||